Arte abstracto /

Colección de historia de las artes plásticas, enfocada desde los movimientos, corrientes y géneros que han determinado su desarrollo, con prevalencia de la pintura creada en Europa Occidental y Estados Unidos, aunque comprende también otras expresiones plásticas y llega a dar cabida a contextos geog...

Πλήρης περιγραφή

Αποθηκεύτηκε σε:
Λεπτομέρειες βιβλιογραφικής εγγραφής
Κύριος συγγραφέας: Elger, Dietmar (edición)
Άλλοι συγγραφείς: Grosenick, Uta (edición) (edición)
Μορφή: Βιβλίο
Γλώσσα:Ισπανικά
Έκδοση: Colonia, Alemania : Taschen, 2017, c2017
Σειρά:(Arte Taschen)
(Basic Géneros Taschen)
(Basic Art 2.0)
Θέματα:
Ετικέτες: Προσθήκη ετικέτας
Δεν υπάρχουν, Καταχωρήστε ετικέτα πρώτοι!

MARC

LEADER 00000nam^a2200000^a^4500
001 000413859
005 20250521000000.0
009 20260310122217.596
020 |a 978-3-8365-0517-8 
037 |a Acervo ITESO - Biblioteca 
041 |a ESP 
082 |a 709.  |b GEN V. 16 
100 |a Elger, Dietmar  |e (edición) 
245 1 0 |a Arte abstracto /  |c Ed. de D. Elger, U. Grosenick ; tr. por Francisco Caro. 
264 4 |a Colonia, Alemania :  |b Taschen,  |c 2017, c2017 
300 |a 96 p. :  |b pasta dura 
336 |a texto  |b txt  |2 rdacontenido 
337 |a sin mediación  |b n  |2 rdamedio 
338 |a volumen  |b nc  |2 rdasoporte 
440 1 |a (Arte Taschen) 
440 1 |a (Basic Géneros Taschen) 
440 1 |a (Basic Art 2.0) 
520 |a Colección de historia de las artes plásticas, enfocada desde los movimientos, corrientes y géneros que han determinado su desarrollo, con prevalencia de la pintura creada en Europa Occidental y Estados Unidos, aunque comprende también otras expresiones plásticas y llega a dar cabida a contextos geográficos fuera de esos márgenes. 
649 |a XX 
650 |a Pintura Moderna -  |x Historia y Crítica 
650 |a Arte Abstracto -  |x Historia y Crítica -  |x Tema Principal 
650 |a Arte Moderno -  |x Historia y Crítica 
650 |a Arte -  |y Siglo XX 
700 |a Grosenick, Uta  |e (edición) 
700 |a Grosenick, Uta  |e (edición) 
910 |a Fondo General 
920 |a Impresos - Libros 
930 |a Reserva Especial 
905 |a 103 
901 |a 0500323212  |b IT1  |c REE  |i C161379  |u 20250521 
902 |a https://opac.biblio.iteso.mx/vufind/Record/000413859